Model building in mathematical programming /
Guardado en:
| Autor Principal: | |
|---|---|
| Formato: | Libro |
| Idioma: | English |
| Publicado: |
Chichester :
Wiley,
c1985.
|
| Edición: | 2nd ed. |
| Materias: | |
| Etiquetas: |
Agregar Etiqueta
Sin Etiquetas, Sea el primero en etiquetar este registro!
|
| LEADER | 00794pam a2200253 a 4500 | ||
|---|---|---|---|
| 001 | MAT.inmabb004713 | ||
| 008 | 840925s1985####enka#####b####001#0#eng## | ||
| 005 | 20160809122530.0 | ||
| 245 | 1 | 0 | |a Model building in mathematical programming / |c H. P. Williams. |
| 250 | |a 2nd ed. | ||
| 260 | |a Chichester : |b Wiley, |c c1985. | ||
| 300 | |a xv, 349 p. : |b il. ; |c 24 cm. | ||
| 500 | |a "A Wiley-Interscience publication." | ||
| 504 | |a Bibliografía: p. 333-339. | ||
| 510 | 4 | |a MR, |c 86m:90088 | |
| 020 | |a 0471906050 (hard) | ||
| 020 | |a 0471906069 (pbk.) | ||
| 100 | 1 | |a Williams, H. P. |q (H. Paul) | |
| 650 | 0 | |a Programming (Mathematics) | |
| 650 | 0 | |a Mathematical models. | |
| 084 | |a 90-01 (90C90) |2 msc2000 | ||
| 010 | |a 84022156 | ||
| 040 | |a DLC |c DLC |d DLC | ||
| 859 | |h 90 |i W721-2 |p A-6108 |b BIB. MATEMATICA | ||
